Todos los equipos que enfrentó San Lorenzo por Copa Sudamericana - Estadísticas

Estadísticas generales
  • Esta prueba ha sido intentada 18 veces
  • La puntuación promedio es 10 de 25
Estadísticas de respuestas
País Equipo % Correcto
Argentina River Plate
94%
Argentina Boca Juniors
88%
Argentina Racing Club
81%
Argentina Banfield
63%
Bolivia Bolivar
63%
Uruguay Nacional
63%
Argentina Argentinos Juniors
56%
Argentina Arsenal
50%
Brasil Chapecoense
50%
Brasil Santos
50%
Brasil Atlético Mineiro
44%
Brasil Fortaleza
44%
Brasil Sao Paulo
44%
Bolivia The Strongest
38%
Argentina Tigre
38%
Colombia Atlético Nacional
31%
Venezuela Monagas
25%
Colombia Independiente Medellín
19%
Chile Palestino
19%
Argentina Quilmes
19%
México Toluca
19%
Perú Cienciano
13%
Uruguay River Plate
13%
Chile Deportes Temuco
6%
Venezuela Deportivo Italchaco
0%
No se encontraron pruebas coincidentes
Distribución de puntuación
Porcentaje de gente con cada puntuación
Porcentaje por número respondido
Historial de tus puntuaciones
No has intentado esta prueba.